Normal view
MARC view
Entry Personal Name
001 - CONTROL NUMBER
- control field: 46064
003 - CONTROL NUMBER IDENTIFIER
- control field: ARRUPE
005 - DATE AND TIME OF LATEST TRANSACTION
- control field: 20190430090315.0
008 - FIXED-LENGTH DATA ELEMENTS
- fixed length control field: 190430|| aca||aabn | a|a d
040 ## - CATALOGING SOURCE
- Original cataloging agency: ARRUPE
- Transcribing agency: ARRUPE
100 ## - HEADING--PERSONAL NAME
- Personal name: Benne, Kenneth Dean,
- Dates associated with a name: 1908-
670 ## - SOURCE DATA FOUND
- Source citation: Work cat.: (ARRUPE)0: The Laboratory method of changing and learning :, c1975.